[Event "XI GRAN TORNEO INTERNACIONAL AFICIONADOS"]
[Site "Benidorm (Alicante - SPAIN)"]
[Date "2012.12.05"]
[Round "6"]
[White "Busto Prendes, Abel"]
[Black "Pastor Briones, Jose"]
[Result "1-0"]
[WhiteElo "1973"]
[BlackElo "1883"]
[PlyCount "47"]
[EventDate "2012.11.30"]
[EventRounds "10"]
[EventCountry "ESP"]

1. e4 c5 2. Nc3 Nc6 3. f4 g6 4. Nf3 Bg7 5. Bc4 e6 6. O-O Nge7 7. d3 a6 8. a4
O-O 9. e5 Nf5 10. g4 d5 11. gxf5 dxc4 12. f6 Bxf6 13. exf6 Qxf6 14. Ne4 Qe7 15.
dxc4 Rd8 16. Qe2 b6 17. b3 Bb7 18. Bb2 Nd4 19. Nxd4 cxd4 20. Rad1 f6 21. Bxd4
e5 22. fxe5 Rxd4 23. Rxd4 Qxe5 24. Nxf6+ 1-0

[Event "XI GRAN TORNEO INTERNACIONAL AFICIONADOS"]
[Site "Benidorm (Alicante - SPAIN)"]
[Date "2012.12.05"]
[Round "6"]
[White "Picazo Gonzalez, Alejandro"]
[Black "Valarezzo Ricard, Pedro"]
[Result "1-0"]
[WhiteElo "1991"]
[BlackElo "1888"]
[PlyCount "75"]
[EventDate "2012.11.30"]
[EventRounds "10"]
[EventCountry "ESP"]

1. e4 d5 2. exd5 Nf6 3. c4 c6 4. d4 cxd5 5. Nc3 e6 6. Nf3 Be7 7. cxd5 Nxd5 8.
Bd3 Nc6 9. O-O Nf6 10. a3 b6 11. Bb5 Bd7 12. d5 exd5 13. Nxd5 O-O 14. Bf4 Nxd5
15. Qxd5 Rc8 16. Rfd1 Be6 17. Qxc6 Qxd1+ 18. Rxd1 Rxc6 19. Bxc6 Rc8 20. Bb5 f6
21. h3 Rc5 22. Bd7 Bb3 23. Rc1 Kf7 24. Rxc5 bxc5 25. Nd2 Bd5 26. Bb8 a6 27. Bc8
a5 28. Bc7 a4 29. Bd7 Bb3 30. Nxb3 axb3 31. Bb5 Ke6 32. Bc4+ Kd7 33. Ba5 Kc6
34. Kf1 Bd6 35. Bc3 h5 36. Ke2 Bf4 37. Kd3 Bg5 38. Bxb3 1-0

[Event "XI GRAN TORNEO INTERNACIONAL AFICIONADOS"]
[Site "Benidorm (Alicante - SPAIN)"]
[Date "2012.12.05"]
[Round "6"]
[White "Gonzalez Cuervo, Eloy"]
[Black "Outeiro Padin, Heladio"]
[Result "1-0"]
[WhiteElo "1961"]
[BlackElo "1855"]
[PlyCount "55"]
[EventDate "2012.11.30"]
[EventRounds "10"]
[EventCountry "ESP"]

1. e4 e6 2. d4 d5 3. Nc3 Bb4 4. e5 c5 5. a3 Ba5 6. Nf3 cxd4 7. Qxd4 Ne7 8. Bg5
Nbc6 9. Bb5 Bd7 10. Bxc6 bxc6 11. b4 Bb6 12. Qh4 c5 13. O-O Rc8 14. Ne2 cxb4
15. Nf4 Rc4 16. Nd2 Rd4 17. axb4 Nf5 18. Bxd8 Nxh4 19. Bxb6 Rxd2 20. Rxa7 Rxc2
21. Bc5 Kd8 22. Rfa1 Ng6 23. Nxg6 hxg6 24. h3 f6 25. Ra8+ Bc8 26. R1a7 Rxc5 27.
bxc5 Rg8 28. c6 1-0

[Event "XI GRAN TORNEO INTERNACIONAL AFICIONADOS"]
[Site "Benidorm (Alicante - SPAIN)"]
[Date "2012.12.05"]
[Round "6"]
[White "Borja Perez, Jose"]
[Black "Borja Rosagro, Jaime"]
[Result "1/2-1/2"]
[WhiteElo "1944"]
[BlackElo "1764"]
[PlyCount "21"]
[EventDate "2012.11.30"]
[EventRounds "10"]
[EventCountry "ESP"]

1. e4 c5 2. Nf3 d6 3. d4 cxd4 4. Nxd4 Nf6 5. Nc3 g6 6. Be3 Bg7 7. f3 O-O 8. Qd2
Nc6 9. O-O-O d5 10. Kb1 Nxd4 11. Bxd4 1/2-1/2

[Event "XI GRAN TORNEO INTERNACIONAL AFICIONADOS"]
[Site "Benidorm (Alicante - SPAIN)"]
[Date "2012.12.05"]
[Round "6"]
[White "Miranzo Guijarro, Alberto"]
[Black "Tirado Parra, Alberto"]
[Result "0-1"]
[WhiteElo "1783"]
[BlackElo "1940"]
[PlyCount "57"]
[EventDate "2012.11.30"]
[EventRounds "10"]
[EventCountry "ESP"]

1. d4 f5 2. Bg5 g6 3. Nc3 Bg7 4. e4 fxe4 5. Nxe4 Nh6 6. Nf3 Nf7 7. Bh4 O-O 8.
Bd3 d5 9. Ned2 c5 10. c3 Nc6 11. Qc2 cxd4 12. O-O dxc3 13. bxc3 Qd6 14. Rfe1 e5
15. Bg3 Bg4 16. Nh4 Rac8 17. Qa4 Qd7 18. Bb5 a6 19. Bxc6 Rxc6 20. Nhf3 e4 21.
Nxe4 dxe4 22. Rxe4 Bxf3 23. gxf3 Ng5 24. Re3 Nxf3+ 25. Kf1 Qh3+ 26. Ke2 Qh5 27.
Kf1 Nxh2+ 28. Bxh2 Qxh2 29. Rae1 0-1

[Event "XI GRAN TORNEO INTERNACIONAL AFICIONADOS"]
[Site "Benidorm (Alicante - SPAIN)"]
[Date "2012.12.05"]
[Round "6"]
[White "Hernandez Delgado, Gabriel"]
[Black "Martin Espeja, Jorge J"]
[Result "1-0"]
[WhiteElo "1987"]
[BlackElo "1825"]
[PlyCount "65"]
[EventDate "2012.11.30"]
[EventRounds "10"]
[EventCountry "ESP"]

1. d4 d5 2. Nf3 Nf6 3. e3 Bf5 4. c4 c6 5. Nc3 e6 6. Qb3 Na6 7. Bd2 Nb4 8. Rc1
Bd3 9. Nxd5 Bxf1 10. Nxf6+ Qxf6 11. Kxf1 a5 12. c5 g6 13. a3 Bh6 14. axb4 a4
15. Qc2 O-O 16. Ra1 Rfd8 17. Ke2 g5 18. g4 Qe7 19. h4 f6 20. hxg5 Bxg5 21. Nxg5
fxg5 22. Qe4 Rd5 23. Rh6 e5 24. Rah1 Rd7 25. Qxe5 Qxe5 26. dxe5 a3 27. bxa3
Rxa3 28. Rd6 Re7 29. e6 Ra8 30. f4 gxf4 31. exf4 Kg7 32. Bc3+ Kg6 33. f5+ 1-0

[Event "XI GRAN TORNEO INTERNACIONAL AFICIONADOS"]
[Site "Benidorm (Alicante - SPAIN)"]
[Date "2012.12.05"]
[Round "6"]
[White "Galle, Andre"]
[Black "Blanco Blanco, Jesus"]
[Result "1/2-1/2"]
[WhiteElo "1972"]
[BlackElo "1825"]
[PlyCount "39"]
[EventDate "2012.11.30"]
[EventRounds "10"]
[EventCountry "ESP"]

1. d4 d5 2. c4 e5 3. e3 Nc6 4. Nf3 Be6 5. Nc3 dxc4 6. Qa4 exd4 7. Nxd4 Bd7 8.
Nxc6 Bxc6 9. Qxc4 Nf6 10. f3 Be7 11. Be2 O-O 12. O-O Qe8 13. e4 a6 14. a4 Rd8
15. Be3 Qd7 16. Rfd1 Qc8 17. b4 Bd7 18. Nd5 Nxd5 19. exd5 Rfe8 20. Bf4 1/2-1/2

[Event "XI GRAN TORNEO INTERNACIONAL AFICIONADOS"]
[Site "Benidorm (Alicante - SPAIN)"]
[Date "2012.12.05"]
[Round "6"]
[White "Patino Andreu, Ramon"]
[Black "De Luna Butz, Alberto"]
[Result "1-0"]
[WhiteElo "1944"]
[BlackElo "1802"]
[PlyCount "32"]
[EventDate "2012.11.30"]
[EventRounds "10"]
[EventCountry "ESP"]

1. e4 e5 2. Nf3 Nf6 3. Nc3 Bb4 4. Bc4 O-O 5. O-O Bxc3 6. dxc3 Nxe4 7. Nxe5 Nc6
8. Nxf7 Rxf7 9. Bxf7+ Kxf7 10. Qd5+ Kf8 11. Qxe4 Kg8 12. Re1 b6 13. Bf4 Qf8 14.
Re3 Bb7 15. Rae1 Qf7 16. b3 Rc8 1-0

[Event "XI GRAN TORNEO INTERNACIONAL AFICIONADOS"]
[Site "Benidorm (Alicante - SPAIN)"]
[Date "2012.12.05"]
[Round "6"]
[White "Egana Arruti, Joseba"]
[Black "Delgado Lozano, Jose Manuel"]
[Result "1/2-1/2"]
[WhiteElo "1807"]
[BlackElo "1934"]
[PlyCount "55"]
[EventDate "2012.11.30"]
[EventRounds "10"]
[EventCountry "ESP"]

1. e4 c6 2. d4 d5 3. exd5 cxd5 4. c4 e6 5. Nc3 Nf6 6. Nf3 Be7 7. Bd3 O-O 8. Bf4
a6 9. O-O dxc4 10. Bxc4 b5 11. Bb3 Bb7 12. a3 Nd5 13. Nxd5 Bxd5 14. Bc2 Bf6 15.
Ne5 Nc6 16. Qd3 g6 17. Nxc6 Bxc6 18. Be5 Bxe5 19. dxe5 Qxd3 20. Bxd3 Rfd8 21.
Rad1 Rd5 22. Bc2 Rxd1 23. Rxd1 Bd5 24. f4 Rc8 25. Bd3 Bc4 26. Be4 Bd5 27. Bd3
Bc4 28. Be4 1/2-1/2

[Event "XI GRAN TORNEO INTERNACIONAL AFICIONADOS"]
[Site "Benidorm (Alicante - SPAIN)"]
[Date "2012.12.05"]
[Round "6"]
[White "Cuevas Silva, Angel"]
[Black "Garcia Yera, Santiago"]
[Result "1-0"]
[WhiteElo "1928"]
[BlackElo "1797"]
[PlyCount "57"]
[EventDate "2012.11.30"]
[EventRounds "10"]
[EventCountry "ESP"]

1. e4 d6 2. d4 Nf6 3. Nc3 g6 4. Nf3 Bg7 5. Be2 O-O 6. O-O c6 7. a4 Bd7 8. Be3
Na6 9. Re1 Nc7 10. Qd2 b5 11. axb5 cxb5 12. b4 a5 13. Rxa5 Rxa5 14. bxa5 b4 15.
Na2 Nxe4 16. Qxb4 Nd5 17. Qb3 Nxe3 18. fxe3 e5 19. Rd1 exd4 20. exd4 Re8 21.
Bf1 Bg4 22. a6 Ng5 23. Nc1 Qa8 24. Be2 Bh6 25. h4 Nh3+ 26. Kf1 Re3 27. Rd3 Rxd3
28. Nxd3 Nf4 29. Nxf4 1-0

[Event "XI GRAN TORNEO INTERNACIONAL AFICIONADOS"]
[Site "Benidorm (Alicante - SPAIN)"]
[Date "2012.12.05"]
[Round "6"]
[White "Izagirre Alsua, Aritz"]
[Black "Robles, Bryan"]
[Result "1-0"]
[WhiteElo "1805"]
[BlackElo "1897"]
[PlyCount "47"]
[EventDate "2012.11.30"]
[EventRounds "10"]
[EventCountry "ESP"]

1. e4 c5 2. Nc3 Nc6 3. g3 e6 4. Bg2 Nf6 5. d3 Be7 6. f4 d6 7. Nf3 Qc7 8. Be3 a6
9. Qd2 Rb8 10. h3 b5 11. O-O Bb7 12. Rae1 O-O 13. Qf2 Nd7 14. g4 Qa5 15. f5 b4
16. Nd1 Qxa2 17. g5 e5 18. Qg3 f6 19. g6 h6 20. Qh4 Rfc8 21. Bxh6 Kf8 22. Bxg7+
Kxg7 23. Qh7+ Kf8 24. g7+ 1-0

[Event "XI GRAN TORNEO INTERNACIONAL AFICIONADOS"]
[Site "Benidorm (Alicante - SPAIN)"]
[Date "2012.12.05"]
[Round "6"]
[White "Illan Arques, Martin"]
[Black "Suarez Garcia, Ivan"]
[Result "0-1"]
[WhiteElo "1598"]
[BlackElo "1875"]
[PlyCount "32"]
[EventDate "2012.11.30"]
[EventRounds "10"]
[EventCountry "ESP"]

1. d4 d5 2. c4 e5 3. dxe5 d4 4. Nf3 Nc6 5. Bg5 Be7 6. Bxe7 Ngxe7 7. Na3 Bg4 8.
Qb3 Bxf3 9. Qxf3 Ng6 10. e3 Qe7 11. Nc2 O-O-O 12. Nxd4 Qb4+ 13. Kd1 Qxb2 14.
Rc1 Nxd4 15. exd4 Rxd4+ 16. Bd3 Rhd8 0-1

[Event "XI GRAN TORNEO INTERNACIONAL AFICIONADOS"]
[Site "Benidorm (Alicante - SPAIN)"]
[Date "2012.12.05"]
[Round "6"]
[White "Serrano Leiva, Ana"]
[Black "Garcia Sanchez, Jose Manuel"]
[Result "0-1"]
[WhiteElo "1588"]
[BlackElo "1865"]
[PlyCount "46"]
[EventDate "2012.11.30"]
[EventRounds "10"]
[EventCountry "ESP"]

1. e4 e5 2. Nf3 d5 3. exd5 Bd6 4. d4 e4 5. Ne5 Nf6 6. Bb5+ Nbd7 7. c4 O-O 8.
Nxd7 Bxd7 9. Bxd7 Qxd7 10. O-O Rfe8 11. Bg5 Qf5 12. Bxf6 Qxf6 13. Nc3 a6 14.
Re1 Qh6 15. h3 f5 16. c5 Bf4 17. g3 Bd2 18. Re2 e3 19. Rxd2 exd2 20. Ne2 Re4
21. f3 Qe3+ 22. Kf1 Qxf3+ 23. Kg1 Rxe2 0-1

[Event "XI GRAN TORNEO INTERNACIONAL AFICIONADOS"]
[Site "Benidorm (Alicante - SPAIN)"]
[Date "2012.12.06"]
[Round "7"]
[White "Bote Kobolo, Benjamin"]
[Black "Esquerdo Nogueroles, Gaspar"]
[Result "0-1"]
[WhiteElo "1944"]
[BlackElo "1927"]
[PlyCount "140"]
[EventDate "2012.11.30"]
[EventRounds "10"]
[EventCountry "ESP"]

1. e4 c5 2. Nc3 d6 3. Nf3 Nc6 4. Bb5 Bd7 5. O-O Nf6 6. Bxc6 Bxc6 7. e5 dxe5 8.
Nxe5 Qc7 9. Qe2 e6 10. Nxc6 Qxc6 11. d3 Be7 12. Bf4 O-O 13. a4 b6 14. Be5 Rad8
15. h3 Rd7 16. Nb1 Nd5 17. Nd2 Bf6 18. Nc4 Qa8 19. Rfe1 Rfd8 20. Qh5 Bxe5 21.
Nxe5 Nf6 22. Qg5 h6 23. Qh4 Rd4 24. Qg3 Qb7 25. c3 R4d5 26. Rad1 Qc7 27. Qe3
Qd6 28. Nc4 Qd7 29. Ne5 Qd6 30. Rd2 Nd7 31. Nf3 Qc6 32. Qe4 Nf6 33. Qc4 Qd6 34.
Red1 e5 35. Nh4 e4 36. g3 Qe6 37. Ng2 Rxd3 38. Qxe6 fxe6 39. Rxd3 exd3 40. Nf4
c4 41. Nxe6 Re8 42. Nd4 Ne4 43. Nf3 a6 44. Kg2 b5 45. axb5 axb5 46. Nd4 Nd6 47.
Rd2 Re1 48. f3 Kf7 49. h4 Kf6 50. Kf2 Re5 51. g4 h5 52. g5+ Kg6 53. f4 Re4 54.
Kf3 Re1 55. Kf2 Rh1 56. f5+ Nxf5 57. Kg2 Rxh4 58. Nxb5 Rg4+ 59. Kf3 Kxg5 60.
Nc7 Rf4+ 61. Kg2 Ne3+ 62. Kh1 Rf1+ 63. Kh2 Rc1 64. Rf2 Ng4+ 65. Kg3 h4+ 66. Kf3
Nxf2 67. Kxf2 Rc2+ 68. Kf3 h3 69. Ne6+ Kf6 70. Nd4 Rxb2 0-1

[Event "XI GRAN TORNEO INTERNACIONAL AFICIONADOS"]
[Site "Benidorm (Alicante - SPAIN)"]
[Date "2012.12.06"]
[Round "7"]
[White "Moya Mallafre, Erik"]
[Black "Rodriguez Marcos, Jose R"]
[Result "1-0"]
[WhiteElo "1995"]
[BlackElo "1962"]
[PlyCount "49"]
[EventDate "2012.11.30"]
[EventRounds "10"]
[EventCountry "ESP"]

1. Nf3 d5 2. d4 Nf6 3. c4 e6 4. Nc3 c6 5. e3 Nbd7 6. Qc2 Be7 7. b3 O-O 8. Bd3
dxc4 9. bxc4 Qa5 10. O-O Qh5 11. e4 e5 12. Ne2 exd4 13. Ng3 Qc5 14. Nf5 Ne5 15.
N3xd4 Nxd3 16. Qxd3 Rd8 17. Qg3 g6 18. Nb3 Nxe4 19. Nxc5 Bxc5 20. Nh6+ Kf8 21.
Qf3 f5 22. Ba3 Kg7 23. Bxc5 Nxc5 24. Qe3 Ne4 25. f3 1-0

[Event "XI GRAN TORNEO INTERNACIONAL AFICIONADOS"]
[Site "Benidorm (Alicante - SPAIN)"]
[Date "2012.12.06"]
[Round "7"]
[White "Hall, Rachid"]
[Black "Johnsen, Kjell Magne"]
[Result "0-1"]
[WhiteElo "1964"]
[BlackElo "1989"]
[PlyCount "116"]
[EventDate "2012.11.30"]
[EventRounds "10"]
[EventCountry "ESP"]

1. d4 Nf6 2. c4 e6 3. Nc3 Bb4 4. Bg5 c5 5. a3 Bxc3+ 6. bxc3 Qa5 7. Bd2 d6 8. e3
O-O 9. Bd3 e5 10. Qc2 Qc7 11. Ne2 Nc6 12. O-O Re8 13. f3 b6 14. d5 Na5 15. e4
Ba6 16. Qa2 Qe7 17. Ng3 Qf8 18. Bg5 Nd7 19. Rae1 f6 20. Bc1 g6 21. Rf2 Qg7 22.
h4 h5 23. Nf1 Kf7 24. Ne3 Ke7 25. Qc2 Kd8 26. Qa4 Kc7 27. Nc2 Rf8 28. Nb4 Bb7
29. Nc2 Ba6 30. Na1 Bb7 31. Bd2 Rae8 32. Rb1 Ra8 33. Be3 g5 34. Rb5 gxh4 35.
Rxa5 bxa5 36. Qxa5+ Kc8 37. Nb3 Rg8 38. Bf1 h3 39. Nxc5 Nxc5 40. Bxc5 dxc5 41.
Qxc5+ Qc7 42. Qb5 a5 43. Qa4 h4 44. Kh2 Qg7 45. Kg1 h2+ 46. Kh1 Qg3 47. Re2 h3
48. Qb5 Qg7 49. g4 Qd7 50. Qc5+ Qc7 51. Qe3 Ba6 52. Bxh3 Rh8 53. Rxh2 Kd8 54.
d6 Qa7 55. Qd2 Rb8 56. g5 Rb1+ 57. Bf1 Rxf1+ 58. Kg2 Qg1# 0-1

[Event "XI GRAN TORNEO INTERNACIONAL AFICIONADOS"]
[Site "Benidorm (Alicante - SPAIN)"]
[Date "2012.12.06"]
[Round "7"]
[White "Blanco, Juan"]
[Black "Arroyo Rodriguez, Jesus"]
[Result "1-0"]
[WhiteElo "1963"]
[BlackElo "1985"]
[PlyCount "55"]
[EventDate "2012.11.30"]
[EventRounds "10"]
[EventCountry "ESP"]

1. e4 e5 2. Nf3 Nc6 3. Bb5 a6 4. Ba4 Nf6 5. d3 Be7 6. Bxc6 dxc6 7. Nxe5 Be6 8.
Nf3 c5 9. h3 h6 10. Nc3 c4 11. d4 Bb4 12. Qe2 c5 13. d5 Bd7 14. a4 O-O 15. O-O
Re8 16. Nd2 Bxc3 17. bxc3 Nxd5 18. Qxc4 Nf4 19. Nf3 Nxh3+ 20. gxh3 Bxh3 21. e5
Qb6 22. Qh4 Bxf1 23. Kxf1 Qg6 24. Qg3 Qh7 25. Be3 Re6 26. Rc1 Rc8 27. Qg4 Rg6
28. Qxc8# 1-0

[Event "XI GRAN TORNEO INTERNACIONAL AFICIONADOS"]
[Site "Benidorm (Alicante - SPAIN)"]
[Date "2012.12.06"]
[Round "7"]
[White "Fernandez Aguilar, Francisco"]
[Black "Bas Mas, Miguel"]
[Result "1-0"]
[WhiteElo "1955"]
[BlackElo "1974"]
[PlyCount "63"]
[EventDate "2012.11.30"]
[EventRounds "10"]
[EventCountry "ESP"]

1. e4 Nf6 2. Nc3 e5 3. Bc4 Nc6 4. d3 Be7 5. f4 d6 6. Nf3 O-O 7. O-O exf4 8.
Bxf4 Na5 9. Bb3 Nxb3 10. axb3 c6 11. Qd2 d5 12. e5 Nd7 13. Rae1 Nc5 14. Bg5 Ne6
15. Bxe7 Qxe7 16. Qe3 Qb4 17. Ne2 c5 18. Ng3 c4 19. bxc4 dxc4 20. d4 Qxb2 21.
d5 Nc7 22. Qe4 Qb4 23. Ng5 g6 24. Nh5 Bf5 25. Nf6+ Kg7 26. Qh4 h6 27. Rxf5 gxf5
28. Qg3 Qxe1+ 29. Qxe1 hxg5 30. Qg3 Kg6 31. h4 g4 32. Qf4 1-0

[Event "XI GRAN TORNEO INTERNACIONAL AFICIONADOS"]
[Site "Benidorm (Alicante - SPAIN)"]
[Date "2012.12.06"]
[Round "7"]
[White "Aprea, Daniele"]
[Black "Busto Prendes, Abel"]
[Result "1-0"]
[WhiteElo "1946"]
[BlackElo "1973"]
[PlyCount "77"]
[EventDate "2012.11.30"]
[EventRounds "10"]
[EventCountry "ESP"]

1. d4 Nf6 2. Nf3 e6 3. c4 b6 4. e3 Bb7 5. Bd3 Bb4+ 6. Nbd2 O-O 7. O-O d5 8. b3
Nbd7 9. Qc2 Rc8 10. Bb2 c5 11. a3 Bxd2 12. Qxd2 Qe7 13. Ne5 Rfd8 14. Qe2 h6 15.
f4 Ne4 16. Bxe4 dxe4 17. g4 Nxe5 18. fxe5 Qg5 19. Rf2 h5 20. h3 Qh4 21. gxh5
Qxh3 22. Rh2 Qg3+ 23. Rg2 Qf3 24. Rf1 Qxe2 25. Rxe2 Rd7 26. Rg2 Kh7 27. Rf4 Rg8
28. Rgf2 f5 29. d5 g5 30. hxg6+ Rxg6+ 31. Kf1 exd5 32. Rxf5 Re7 33. Rf7+ Rg7
34. e6 d4 35. Rxg7+ Rxg7 36. exd4 e3 37. Rh2+ Kg8 38. dxc5 Re7 39. Rh8# 1-0

[Event "XI GRAN TORNEO INTERNACIONAL AFICIONADOS"]
[Site "Benidorm (Alicante - SPAIN)"]
[Date "2012.12.06"]
[Round "7"]
[White "Sanchez Sanchez, Alberto"]
[Black "Giner Mayor, Jose"]
[Result "1-0"]
[WhiteElo "1968"]
[BlackElo "1900"]
[PlyCount "71"]
[EventDate "2012.11.30"]
[EventRounds "10"]
[EventCountry "ESP"]

1. e4 c5 2. c3 d5 3. exd5 Qxd5 4. d4 Nf6 5. Nf3 Bg4 6. Be2 cxd4 7. cxd4 e6 8.
O-O Nc6 9. Nc3 Qa5 10. h3 Bh5 11. a3 Be7 12. Qb3 Bxf3 13. Bxf3 Nxd4 14. Qxb7
Nxf3+ 15. Qxf3 O-O 16. Be3 Rab8 17. b4 Qa6 18. Bd4 Qb7 19. Qe3 a6 20. Na4 Nd5
21. Qg3 f6 22. Nc5 Bxc5 23. Bxc5 Rfd8 24. Qg4 Qd7 25. Rfd1 Re8 26. Rd3 Rb7 27.
Re1 Qf7 28. Qc4 Ra8 29. Bd6 Qd7 30. Bc5 a5 31. bxa5 Rxa5 32. Bb4 Ra8 33. Qg4
Qf7 34. Bd6 e5 35. Rc1 Rd7 36. Rxd5 1-0

[Event "XI GRAN TORNEO INTERNACIONAL AFICIONADOS"]
[Site "Benidorm (Alicante - SPAIN)"]
[Date "2012.12.06"]
[Round "7"]
[White "Marquez Bernal, Florencio"]
[Black "Iglesias Garcia, Jorge"]
[Result "0-1"]
[WhiteElo "1922"]
[BlackElo "1968"]
[PlyCount "74"]
[EventDate "2012.11.30"]
[EventRounds "10"]
[EventCountry "ESP"]

1. d4 d5 2. Bf4 c5 3. e3 Nc6 4. c3 Nf6 5. Nd2 Bf5 6. Ngf3 e6 7. Ne5 Qb6 8. Qb3
c4 9. Qxb6 axb6 10. a3 Nh5 11. Nxc6 bxc6 12. Bg5 f6 13. Bh4 g5 14. Be2 Bg6 15.
Bg3 Nxg3 16. fxg3 Bd6 17. O-O Ke7 18. e4 Bxe4 19. Nxe4 dxe4 20. Bxc4 f5 21.
Rae1 h5 22. Re2 g4 23. Bb3 h4 24. gxh4 Rxh4 25. Bc2 Rxh2 26. Kf2 Rah8 27. a4
Rh1 28. Ree1 Rxf1+ 29. Rxf1 Rh2 30. b4 g3+ 31. Kg1 c5 32. dxc5 bxc5 33. b5 c4
34. Rb1 Bc5+ 35. Kf1 Bb6 36. Rd1 e3 37. Rb1 e2+ 0-1

[Event "XI GRAN TORNEO INTERNACIONAL AFICIONADOS"]
[Site "Benidorm (Alicante - SPAIN)"]
[Date "2012.12.06"]
[Round "7"]
[White "Abul, Qasem"]
[Black "Nieto Tornero, Jose"]
[Result "1-0"]
[WhiteElo "1998"]
[BlackElo "1951"]
[PlyCount "120"]
[EventDate "2012.11.30"]
[EventRounds "10"]
[EventCountry "ESP"]

1. e4 e5 2. Nf3 Nc6 3. Bb5 a6 4. Ba4 Nf6 5. O-O b5 6. Bb3 Nxe4 7. d4 d5 8. dxe5
Be6 9. c3 Bc5 10. Bc2 O-O 11. Nbd2 Nxf2 12. Rxf2 f6 13. exf6 Qxf6 14. Qf1 Rae8
15. Kh1 Bxf2 16. Qxf2 Ne5 17. Qd4 Bg4 18. Ng1 c6 19. Nb3 Qf2 20. Bd2 Nc4 21.
Qxg4 Nxd2 22. Qh5 Ne4 23. Nd4 g6 24. Qd1 Qxd4 25. Qxd4 Nf2+ 26. Qxf2 Rxf2 27.
Rc1 Kg7 28. h3 Kf6 29. Kh2 Re3 30. a4 c5 31. axb5 axb5 32. Kh1 h6 33. Nf3 Ree2
34. Bd3 Rxb2 35. Ne1 Rfd2 36. Kg1 c4 37. Bf1 g5 38. Nf3 Rdc2 39. Rd1 Rxc3 40.
Rxd5 Rc1 41. Nd4 Rd2 42. g4 b4 43. Rf5+ Kg6 44. Nf3 Rdd1 45. Kg2 Rc2+ 46. Kg3
Kg7 47. Ne5 Rc3+ 48. Kf2 Rc2+ 49. Ke3 Rc3+ 50. Ke4 Rdc1 51. Kd4 Rd1+ 52. Kc5 b3
53. Bxc4 Rxc4+ 54. Nxc4 Rd3 55. Rf7+ Kg8 56. Rb7 Rxh3 57. Kd4 h5 58. Ne5 hxg4
59. Nxg4 Rf3 60. Ke5 Re3+ 1-0

[Event "XI GRAN TORNEO INTERNACIONAL AFICIONADOS"]
[Site "Benidorm (Alicante - SPAIN)"]
[Date "2012.12.06"]
[Round "7"]
[White "Perez Garcia, Jose Miguel"]
[Black "Gutierrez Leon"]
[Result "1-0"]
[WhiteElo "1993"]
[BlackElo "1947"]
[PlyCount "101"]
[EventDate "2012.11.30"]
[EventRounds "10"]
[EventCountry "ESP"]

1. Nf3 Nf6 2. c4 b6 3. g3 e6 4. Bg2 Bb7 5. O-O Be7 6. d4 c6 7. Qc2 d5 8. Bf4
Nbd7 9. Rd1 O-O 10. Nc3 Ba6 11. Ne5 Nxe5 12. dxe5 Nd7 13. cxd5 cxd5 14. e4 d4
15. Rxd4 Qc7 16. h4 Rfd8 17. Rad1 h6 18. Qa4 Nc5 19. Rxd8+ Rxd8 20. Rxd8+ Qxd8
21. Qd1 Qxd1+ 22. Nxd1 Nd3 23. Bf1 Nc5 24. Bxa6 Nxa6 25. Be3 Bc5 26. Bxc5 Nxc5
27. f3 Nd3 28. f4 Nc5 29. Nc3 Nd3 30. b3 g5 31. hxg5 hxg5 32. fxg5 Nxe5 33. Kf2
Kg7 34. Ke3 Kg6 35. Nb5 Nc6 36. Nd6 e5 37. Kf3 a6 38. Kg4 b5 39. Nf5 a5 40.
Nh4+ Kg7 41. Kf5 a4 42. Nf3 Nd4+ 43. Nxd4 exd4 44. Kf4 axb3 45. axb3 Kg6 46. b4
d3 47. Ke3 d2 48. Kxd2 Kxg5 49. Ke3 Kg4 50. Kf2 f6 51. Kg2 1-0

[Event "XI GRAN TORNEO INTERNACIONAL AFICIONADOS"]
[Site "Benidorm (Alicante - SPAIN)"]
[Date "2012.12.06"]
[Round "7"]
[White "Tirado Parra, Alberto"]
[Black "Picazo Gonzalez, Alejandro"]
[Result "1/2-1/2"]
[WhiteElo "1940"]
[BlackElo "1991"]
[PlyCount "79"]
[EventDate "2012.11.30"]
[EventRounds "10"]
[EventCountry "ESP"]

1. d4 d5 2. Bf4 Nf6 3. e3 e6 4. Nf3 Be7 5. h3 c5 6. c3 Nc6 7. Bd3 Nh5 8. Bh2
cxd4 9. exd4 Bd6 10. Ne5 Nf6 11. O-O Qc7 12. Qe2 a6 13. Nd2 b5 14. f4 b4 15.
Nxc6 Qxc6 16. cxb4 Qb6 17. Nf3 Qxb4 18. Rac1 O-O 19. Rc3 Qb6 20. Kh1 Bd7 21.
Rb3 Qa7 22. Bg1 Rfc8 23. Ne5 Ba4 24. Rc3 Rxc3 25. bxc3 Qc7 26. Rf3 a5 27. f5
exf5 28. Rxf5 Re8 29. Bh2 Bd7 30. Rxf6 gxf6 31. Bxh7+ Kf8 32. Qh5 Bxe5 33. Qh6+
Ke7 34. dxe5 fxe5 35. Qg5+ Kf8 36. Bg3 Re6 37. Bh4 f6 38. Qg8+ Ke7 39. Bf5 Qxc3
40. Qg7+ 1/2-1/2

[Event "XI GRAN TORNEO INTERNACIONAL AFICIONADOS"]
[Site "Benidorm (Alicante - SPAIN)"]
[Date "2012.12.06"]
[Round "7"]
[White "Marti Blanes, Jose Manuel"]
[Black "Rucsandescu, Dan"]
[Result "1-0"]
[WhiteElo "1987"]
[BlackElo "1939"]
[PlyCount "57"]
[EventDate "2012.11.30"]
[EventRounds "10"]
[EventCountry "ESP"]

1. d4 d5 2. c4 c6 3. cxd5 cxd5 4. Nc3 Nf6 5. Nf3 Nc6 6. Bf4 Bf5 7. e3 e6 8. Bb5
Nd7 9. O-O Rc8 10. Qb3 Be7 11. Rfc1 O-O 12. Bxc6 bxc6 13. Qb7 a5 14. Na4 c5 15.
Ne5 Nxe5 16. Bxe5 Bd6 17. Bxd6 Qxd6 18. dxc5 Qc6 19. Qxc6 Rxc6 20. a3 Rb8 21.
Nb6 Bd3 22. b4 f6 23. Rd1 Ba6 24. f3 Rd8 25. Rab1 Bb7 26. Rdc1 e5 27. b5 Rc7
28. c6 Bc8 29. Nxc8 1-0

[Event "XI GRAN TORNEO INTERNACIONAL AFICIONADOS"]
[Site "Benidorm (Alicante - SPAIN)"]
[Date "2012.12.06"]
[Round "7"]
[White "Sumin, Vladyslav"]
[Black "Kaufmann Vazquez, David"]
[Result "1-0"]
[WhiteElo "1983"]
[BlackElo "1934"]
[PlyCount "77"]
[EventDate "2012.11.30"]
[EventRounds "10"]
[EventCountry "ESP"]

1. d4 Nf6 2. c4 g6 3. Nc3 Bg7 4. g3 d6 5. Bg2 O-O 6. Nf3 c5 7. d5 e6 8. O-O
exd5 9. cxd5 Re8 10. Nd2 Na6 11. Nc4 Nc7 12. a4 b6 13. Re1 Ba6 14. Na3 Ng4 15.
h3 Ne5 16. Ncb5 Bc8 17. f4 Nxb5 18. axb5 Nd7 19. Nc4 Qc7 20. e4 Bb7 21. Bd2 a6
22. Qb3 Bd4+ 23. Kh2 a5 24. Bc3 Rad8 25. Rad1 Bxc3 26. Qxc3 f6 27. h4 Re7 28.
Bh3 Rde8 29. Be6+ Rxe6 30. dxe6 Rxe6 31. Qd3 f5 32. Nxd6 fxe4 33. Qc4 Nf8 34.
Nxe4 Bxe4 35. Rxe4 Qf7 36. Rxe6 Nxe6 37. Rd6 Nd4 38. Qxf7+ Kxf7 39. Rxb6 1-0

[Event "XI GRAN TORNEO INTERNACIONAL AFICIONADOS"]
[Site "Benidorm (Alicante - SPAIN)"]
[Date "2012.12.06"]
[Round "7"]
[White "Stamenov, Valeriy"]
[Black "Tonus, Alex"]
[Result "1-0"]
[WhiteElo "1915"]
[BlackElo "1980"]
[PlyCount "51"]
[EventDate "2012.11.30"]
[EventRounds "10"]
[EventCountry "ESP"]

1. e4 Nf6 2. e5 Nd5 3. c4 Nb6 4. d4 d6 5. f4 dxe5 6. fxe5 g6 7. Nc3 Bg7 8. Be3
O-O 9. Be2 c5 10. dxc5 N6d7 11. e6 fxe6 12. Nf3 Qa5 13. O-O Nxc5 14. a3 Bxc3
15. bxc3 Ne4 16. Qc2 Nd6 17. g4 e5 18. Nh4 Rf7 19. c5 Rxf1+ 20. Rxf1 Nf7 21.
Bd3 e6 22. Qf2 Qc7 23. Qf6 Na6 24. Nxg6 hxg6 25. Qxg6+ Kf8 26. Bh6+ 1-0